| 000 | 00901nam a2200229 a 4500 | ||
|---|---|---|---|
| 999 |
_c11982 _d11982 |
||
| 001 | 11982 | ||
| 003 | BD-JhCC | ||
| 005 | 20221128134022.0 | ||
| 008 | 210301b 2018bg a|||| ||a| 000 0 mul d | ||
| 020 | _a9789843436931 | ||
| 035 | _a(BD-JhCC)11982 | ||
| 040 |
_aBD-JhCC _dBD-JhCC |
||
| 041 | _amul | ||
| 082 |
_a005.133 _bSUB 2018 |
||
| 100 | _aসুবিন, তামিম শাহ্রিয়ার | ||
| 245 |
_aপাইথন দিয়ে প্রোগ্রামিং শেখা : _bডেটা স্ট্রাকচার ও অ্যালগরিদম পরিচিতি / _c তামিম শাহ্রিয়ার সুবিন |
||
| 260 |
_aঢাকা: _bদ্বিমিক প্রকাশনী; _c2018. |
||
| 300 |
_a185 p. : _bill _c24 cm. |
||
| 650 | _aPython (Computer program language) | ||
| 942 |
_2ddc _cBK _08 |
||